Complete diving manual

From basic diving certification topics and techniques to advanced technical diving, Complete Diving Manual has everything you need—all in full, stunning color. Whether you're an experienced diver or haven't yet gotten your C-card, your passport to diving expeditions is here, including: Cho...

ver descrição completa

Na minha lista:
Detalhes bibliográficos
Autor principal: Jackson, Jack
Formato: Livro
Idioma:Undetermined
Publicado em: Camden, Me. International Marine 2005
Assuntos:
Tags: Adicionar Tag
Sem tags, seja o primeiro a adicionar uma tag!
Thư viện lưu trữ: Trung tâm Học liệu Trường Đại học Cần Thơ
LEADER 00985nam a2200205Ia 4500
001 CTU_168342
008 210402s9999 xx 000 0 und d
020 |c 19.99 
082 |a 797.23 
082 |b J13 
100 |a Jackson, Jack 
245 0 |a Complete diving manual 
245 0 |c Jack Jackson 
260 |a Camden, Me. 
260 |b International Marine 
260 |c 2005 
520 |a From basic diving certification topics and techniques to advanced technical diving, Complete Diving Manual has everything you need—all in full, stunning color. Whether you're an experienced diver or haven't yet gotten your C-card, your passport to diving expeditions is here, including: Choosing, using, maintaining, and storing equipment. Basic training, from pool to open water. Diving physiology, including buoyancy, behavior of gases, the bends, and hypothermia... 
650 |a Deep diving,Lặn sâu 
904 |i Năm 
980 |a Trung tâm Học liệu Trường Đại học Cần Thơ